| 000 | 01079nam a22002537a 4500 | ||
|---|---|---|---|
| 999 |
_c18855 _d18855 |
||
| 003 | AR-CdUCM | ||
| 008 | 190515b ||||| |||| 00| 0 spa d | ||
| 040 |
_aMUNICIPALIDAD PROVINCIAL DEL CUSCO _cBIBLIOTECA MUNICIPAL DEL CUSCO |
||
| 082 |
_a468.3 / _bAR77 |
||
| 100 |
_aArredondo García, Roxssana Elvira _939726 |
||
| 245 | _aLos universitarios y sus deformaciones en la comunicación del texto / | ||
| 260 |
_aCusco : _bGustavo Impresores, _c2012. |
||
| 300 |
_a166 páginas ; _bcuadros, _c21 cm. |
||
| 500 | _aParte posterior del título, Los universitarios y sus deformaciones en la comunicación del texto: estudio de caso. | ||
| 505 | _aContenido: Análisis del problema -- Sustento científico y teórico -- Metodología -- Análisis e interpretación de resultados. | ||
| 650 |
_aEducación superior _92963 |
||
| 650 |
_aComunicación escrita _939727 |
||
| 650 |
_aGramática _99175 |
||
| 650 |
_aLengua española _91124 |
||
| 650 |
_aCusco _9772 |
||
| 700 |
_aArredondo García, Nimis Judith (coautor) _939728 |
||
| 942 |
_2ddc _cLIBROS |
||
| 945 |
_aachl _d2019-05-15 |
||